Countries with Most Railway Passengers - Statistics

General Stats
  • This quiz has been taken 280 times
  • The average score is 9 of 10
Answer Stats
Answer % Correct
China
97%
France
96%
Japan
96%
Germany
95%
Russia
91%
India
90%
Spain
90%
Italy
87%
United Kingdom
87%
Switzerland
42%
No matching quizzes found
Score Distribution
Percent of People with Each Score
Percentile by Number Answered
Your Score History
You have not taken this quiz